Central Library OPAC University of Rajshahi

Impact of trade liberalization on agriculture in Bangladesh / (Record no. 83572)

MARC details
000 -LEADER
fixed length control field 00910nam a22002417a 4500
001 - CONTROL NUMBER
RUCL Control Number 83572
003 - CONTROL NUMBER IDENTIFIER
rucl marc code BD-RjUL
005 - DATE AND TIME OF LATEST TRANSACTION
control field 20240424102432.0
008 - FIXED-LENGTH DATA ELEMENTS--GENERAL INFORMATION
fixed length control field 240424s2010 bg a|||| m||| 00| 0 eng d
035 ## - SYSTEM CONTROL NUMBER
system control number (BD-RjUL)83572
040 ## - CATALOGING SOURCE
Original cataloging agency BD-RjUL
Language of cataloging eng
Transcribing agency BD-RjUL
Modifying agency BD-RjUL
041 ## - LANGUAGE CODE
Language code of Book eng
082 ## - DEWEY DECIMAL CLASSIFICATION NUMBER
DDC Edition number 23
Classification number 338.1095492
Author mark and Year SUI 2010
100 ## - MAIN ENTRY--PERSONAL NAME
Personal name Sultana, Tania
9 (RLIN) 12690
245 10 - TITLE STATEMENT
Title Impact of trade liberalization on agriculture in Bangladesh /
Statement of responsibility, etc Submitted By Tania, Sultana ;
Name of Supervisor/Co-Supervisor Supervisor : Md. Elias Hossain
260 ## - PUBLICATION, DISTRIBUTION, ETC. (IMPRINT)
Place of publication, distribution, etc Rajshahi :
Name of publisher, distributor, etc Department of Economics, University of Rajshahi,
Date of publication, distribution, etc 2010
300 ## - PHYSICAL DESCRIPTION
Pagination xv, 187 leaves :
Other physical details ill, ;
Dimensions 29.cm.
502 ## - DISSERTATION NOTE
Dissertation note Thesis (M. Phil.) -- Department of Economics, University of Rajshahi, 2010
504 ## - BIBLIOGRAPHY, ETC. NOTE
Bibliography, etc References : Leaves 170 - 183
650 ## - SUBJECT ADDED ENTRY--TOPICAL TERM
Topical term or geographic name as entry element Agriculture
General subdivision Trade liberalization
Geographic subdivision Bangladsh
9 (RLIN) 12691
700 ## - ADDED ENTRY--SUPERVISOR/CO-SUPERVISOR NAME
Personal name Hossain, Md. Elias, Supervisor
9 (RLIN) 3168
942 ## - ADDED ENTRY ELEMENTS (KOHA)
Source of classification or shelving scheme Dewey Decimal Classification
Koha item type Theses
Holdings
Source of classification or shelving scheme Damaged status Not for loan Collection code Permanent Location Current Location Shelving location Date of accession Source of acquisition Total Checkouts Full call number Barcode Date last seen Copy number Thesis
Dewey Decimal Classification   Not For Loan Theses Central Library, University of Rajshahi Central Library, University of Rajshahi Documentation Section 06/06/2011 Controller of Exam. R. U.   THE 338.1095492 SUI 2010 D3244 24/04/2024 C-I Theses